| 000 | 00901nam a22001937a 4500 | ||
|---|---|---|---|
| 005 | 20250827102318.0 | ||
| 008 | 240305b ||||| |||| 00| 0 eng d | ||
| 082 | _aDPer 621.317 Ie21 July 2022 v. 37 n. 7 | ||
| 100 |
_aPeng, Lin. _eauthor. _954034 |
||
| 245 |
_aA simple model predictive instantaneous current control for single-phase PWM converters in stationary reference frame / _cLin Peng, Lei Ma, Wensheng Song, and Haoran Liu. |
||
| 260 |
_aNew York ; _bThe Institute of Electrical and Electronics Engineers, Inc. , _cJuly 2022. |
||
| 300 |
_avolume 37, pages 7629-7639 : _billustration ; _c28 cm. |
||
| 500 | _aIEEE Transaction on Power Electronics Society, vol. 37, no. 7, pages 7629-7639,July 2022. | ||
| 700 |
_aPeng, Lin. _eauthor. _954034 |
||
| 700 |
_aMa, Lei. _eauthor. _954035 |
||
| 700 |
_aSong, Wensheng. _eauthor. _954036 |
||
| 700 |
_aLiu, Haoran. _eauthor. _954037 |
||
| 942 |
_2ddc _cPER |
||
| 999 |
_c19533 _d19533 |
||